Escribir y comunicarse en contextos científicos y académicos. Conocimientos y estrategias

Gespeichert in:
Bibliographische Detailangaben
Hauptverfasser: Castelló Badia, Montserrat (VerfasserIn), Iñesta Codina, Anna (VerfasserIn), Miras Mestres, Mariana (VerfasserIn), Solé Gallart, Isabel (VerfasserIn), Teberosky Coronado, Anna (VerfasserIn), Zanotto González, Mercedes (VerfasserIn)
Format: Buch
Sprache:Spanisch
Veröffentlicht: Barcelona Grao 2007
Ausgabe:1a. ed
Schriftenreihe:Crítica y Fundamentos, 15
Schlagworte:
Tags: Tag hinzufügen
Keine Tags, Fügen Sie den ersten Tag hinzu!

MARC

LEADER 00000cam a2200000 a 4500
001 UCI3092
003 CL-VaPUC
008 071012e20070000SP |||||||||||||||||spa|d
020 |a 9788478274772 
082 0 4 |a 808.02  |b CAS  |2 21 
100 0 |a Castelló Badia, Montserrat  |e author  |9 524473 
700 0 |a Iñesta Codina, Anna  |e author  |9 524474 
700 0 |a Miras Mestres, Mariana  |e author  |9 524475 
700 0 |a Solé Gallart, Isabel  |e author  |9 524476 
700 0 |a Teberosky Coronado, Anna  |e author  |9 524477 
700 0 |a Zanotto González, Mercedes  |e author  |9 524478 
245 1 0 |a Escribir y comunicarse en contextos científicos y académicos. Conocimientos y estrategias 
250 |a 1a. ed 
300 |a 224 p 
942 |c BK 
945 |d 20071012 00:00:00  |a rbrito 
260 |a Barcelona  |b Grao  |c 2007 
650 7 |a REDACTORES TECNICOS  |2 CL-VaPUC  |9 480211 
650 0 |a Redacción técnica  |9 259855 
650 0 |a Escritura  |9 264941 
650 0 |a Proceso de comunicación   |9 332060 
650 0 |a Informes técnicos  |9 259856 
650 7 |a ESPECIALISTA DE LA INFORMACION  |2 CL-VaPUC  |9 335518 
650 7 |a REDACCION DE INFORMES  |2 CL-VaPUC  |9 524479 
583 |a last modification  |c 20130704 11:32:09  |k Rodrigo Vera 
490 0 |a Crítica y Fundamentos, 15 
999 |c 327486  |d 327484 
952 |0 0  |1 0  |4 0  |6 808_020000000000000_CAS_2007  |7 0  |8 A  |9 410340  |a FDOPOS  |b FDOPOS  |d 2019-11-22  |i 4377214  |o 808.02 CAS 2007  |p 4377214  |r 2025-01-22  |w 2019-11-22  |y BK  |k MLA 
952 |0 0  |1 0  |4 0  |6 808_020000000000000_CAS_2007  |7 0  |8 A  |9 410341  |a FDOPOS  |b FDOPOS  |d 2019-11-22  |i 4548361  |o 808.02 CAS 2007  |p 4548361  |r 2025-01-22  |w 2019-11-22  |y BK  |k MLA 
952 |0 0  |1 0  |4 0  |6 808_020000000000000_CAS_2007  |7 0  |8 A  |9 410342  |a BIBEDU  |b BIBEDU  |d 2019-11-22  |i 4732774  |o 808.02 CAS 2007  |p 4732774  |r 2019-11-22  |w 2019-11-22  |y BK  |k EFI 
952 |0 0  |1 0  |4 0  |6 808_020000000000000_CAS_2007  |7 0  |8 A  |9 410343  |a FDOPOS  |b BIBEDU  |d 2019-11-22  |i 4735307  |l 4  |o 808.02 CAS 2007  |p 4735307  |r 2022-05-12  |s 2022-05-12  |w 2019-11-22  |y BK  |k MLA 
952 |0 0  |1 0  |4 0  |6 808_020000000000000_CAS_2007  |7 0  |8 A  |9 410344  |a FDOPOS  |b FDOPOS  |d 2019-11-22  |i 4982444  |o 808.02 CAS 2007  |p 4982444  |r 2025-01-22  |w 2019-11-22  |y BK  |k DLA 
952 |0 0  |1 0  |3 erb  |4 0  |6 808_020000000000000_CAS_2007  |7 0  |8 A  |9 410345  |a BIBEDU  |b BIBEDU  |i 5035783  |l 3  |m 1  |o 808.02 CAS 2007  |p 5035783  |r 2022-09-26  |s 2022-09-21  |w 2019-11-22  |y BK  |z Catalogado en:20131220  |k EPE 
952 |0 0  |1 0  |3 erb  |4 0  |6 808_020000000000000_CAS_2007  |7 0  |8 A  |9 410346  |a BIBEDU  |b BIBEDU  |i 5247683  |l 1  |o 808.02 CAS 2007  |p 5247683  |r 2022-09-09  |s 2022-08-11  |w 2019-11-22  |y BK  |z Catalogado en:20151106  |k EBA